Statistics for Pokémon Locations: Kanto

Click here to take the quiz!

General Stats

  • This quiz has been taken 47 times
  • The average score is 49 of 89

Answer Stats

HintLocation% Correct
RouteRoute 1
97%
RouteRoute 10
97%
RouteRoute 11
97%
RouteRoute 12
97%
RouteRoute 2
97%
RouteRoute 3
97%
RouteRoute 4
97%
RouteRoute 5
97%
RouteRoute 6
97%
RouteRoute 7
97%
RouteRoute 8
97%
RouteRoute 9
97%
RouteRoute 13
95%
RouteRoute 14
95%
RouteRoute 15
95%
RouteRoute 16
95%
RouteRoute 17
95%
RouteRoute 18
95%
RouteRoute 19
95%
RouteRoute 20
95%
RouteRoute 21
95%
RouteRoute 22
95%
RouteRoute 23
95%
RouteRoute 24
95%
RouteRoute 25
95%
RouteRoute 26
95%
RouteRoute 27
95%
RouteRoute 28
95%
City/TownViridian City
95%
City/TownLavender Town
92%
City/TownPallet Town
92%
City/TownPewter City
90%
City/TownCerulean City
87%
City/TownCinnabar Island
85%
City/TownFuchsia City
79%
City/TownSaffron City
79%
City/TownVermilion City
79%
City/TownCeladon City
74%
LandmarkVictory Road
74%
LandmarkPower Plant
67%
LandmarkSeafoam Islands
67%
LandmarkViridian Forest
67%
LandmarkMt. Moon
64%
LandmarkRock Tunnel
62%
LandmarkCerulean Cave
59%
Sevii IslandOne Island
59%
Sevii IslandThree Island
59%
Sevii IslandTwo Island
59%
Sevii IslandFive Island
56%
Sevii IslandFour Island
56%
LandmarkPokémon Tower/Lavender Town Radio Tower
56%
LandmarkSafari Zone/Pal Park/Go Park
56%
Sevii IslandSix Island
56%
Sevii IslandSeven Island
54%
LandmarkIndigo Plateau
49%
LandmarkDiglett's Cave
44%
LandmarkSilph Co.
44%
Sevii LandmarkMt. Ember
36%
LandmarkPokémon Mansion
33%
Sevii LandmarkBerry Forest
23%
Sevii LandmarkDotted Hole
15%
Sevii RouteBond Bridge
13%
Sevii RouteKindle Road
13%
Sevii LandmarkAltering Cave
10%
Sevii RouteCape Brink
10%
Sevii RouteGreen Path
10%
Sevii RouteWater Path
10%
LandmarkCeladon Game Corner
8%
Sevii LandmarkPattern Bush
8%
Sevii LandmarkRocket Warehouse
8%
Sevii RouteTanoby Ruins
8%
Sevii RouteTreasure Beach
8%
Sevii LandmarkBirth Island
5%
Sevii RouteFive Isle Meadow
5%
Sevii LandmarkIcefall Cave
5%
Sevii LandmarkLost Cave
5%
Sevii LandmarkNavel Rock
5%
Sevii RouteOutcast Island
5%
Sevii RouteRuin Valley
5%
Sevii LandmarkTanoby Key
5%
Sevii RouteThree Isle Port
5%
Sevii RouteTrainer Tower
5%
Sevii RouteWater Labyrinth
5%
Sevii RouteCanyon Entrance
3%
Sevii RouteMemorial Pillar
3%
Sevii RouteResort Gorgeous
3%
Sevii RouteSevault Canyon
3%
Sevii LandmarkTanoby Chambers
3%
Sevii RouteThree Isle Path
3%

Score Distribution

Percentile by Number Answered

Percent of People with Each Score

Your Score History

You have not taken this quiz